000 00767nam a22002657a 4500
001 BR6002738
003 BR-BrBNA
005 20230928083136.0
007 ta
008 230509b bl.||||| |||| 00| 0 por d
040 _aBR-BrBNA
_bpor
_cBiblioteca Nacional de Agricultura
041 _a(Por)
072 _aQ10; L00
_b9420
_b/G514
090 _ 9420 BR6002738
100 1 _aRocha Filho, P.
110 1 _aServico de Informacao Agricola, Rio de Janeiro, GB (Brasil)
245 1 _aManteiga [Tecnologia de alimento; Producao animal; Brasil]
260 3 _aRio de Janeiro, GB (Brasil):
_c1941.
300 _a60 p.
650 _aTecnologia de alimento
650 _aProducao animal
650 _aManteiga
909 _a202309
_bLucia
_c55
_dLucia Elande
942 _cBK
999 _c11791
_d11791